000 00824nam a2200265Ia 4500
003 OSt
005 20221006154158.0
006 a|||||r|||| 00| 0
007 ta
008 221006b |||||||| |||| 00| 0 eng d
020 _a9780804750011
_c
_27.95
024 _a34,637
037 _b29808, 31/03/2010, Segment Book Distributor
_cTextual
040 _aEASL
_cEASL
_beng
041 _2eng
_aeng
082 _aW94v41.N99, P4
100 _aZhao Suisheng
_9323935
245 0 _aNation-state by construction
_b Dynamics of modern Chinese nationalism
260 _aStanford
_bStanford University Press
_c2004
300 _a355p.
_ccm.
490 _v RS
650 _aCEL
942 _hW94v41.N99, P4
_cTEXL
_2CC
999 _c1102723
_d1102723